00642nam a2200169 a 450000100100000000500170001000800410002704000250006808200140009324500270010726001250013430000200025950000550027904900090033495201120034399900170045500002778020200930031105.0110404s1998 dr 000 0 spa d aDO-SdBNPbspacBNPHU axxxxbE3600aEje :bamor y ternura. aSanto Domingo :bSecretaría de Estado de Educación y Cultura :bFondo de la Naciones Unidas Para la Infancia,c1998. a51 p. ;c28 cm. aA la cabeza de la portada Educación para la vida aBNPD 0010718PDaPDbPDcCTd2011-04-04iLF1l0oxxxx E36p27780-10r2020-06-25w2020-06-25yLFPDZNo se presta c27272d27272